000 00523nam a22001697a 4500
008 151119b xxu||||| |||| 00| 0 eng d
020 _a0155176838
041 0 _aeng
080 _a510.2
100 1 _aBenedicty, Mario.
245 1 0 _aDiscrete mathematical structures /
_cMario Benedicty, Frank R. Sledge.
260 _aSan Diego [Calif.] :
_bHarcourt Brace Jovanovich,
_cc1987.
300 _axvi, 529 f. :
_bme ill. ;
_c25 cm.
650 0 _aShkenca Kompjuterike
_xMatematika
700 1 _aSledge, Frank R.
942 _2udc
_cBK
999 _c1368
_d1368